Largest U.S. National Parks - Statistics

General Stats
  • This quiz has been taken 19 times
  • The average score is 7 of 15
Answer Stats
Size (in acres) National Park % Correct
2,219,790.71 Yellowstone
93%
4,740,911.16 Denali
67%
1,201,647 Grand Canyon
67%
1,508,938 Everglades
60%
1,013,125 Glacier
60%
3,408,406.73 Death Valley
53%
7,523,897.45 Gates of the Arctic
53%
2,619,816.49 Lake Clark
47%
3,674,529.33 Katmai
40%
795,155 Joshua Tree
33%
8,323,146.48 Wrangell-St. Elias
33%
1,750,716.16 Kobuk Valley
27%
801,163 Big Bend
20%
3,223,383.43 Glacier Bay
20%
922,649.41 Olympic
13%
No matching quizzes found
Score Distribution
Percent of People with Each Score
Percentile by Number Answered
Your Score History
You have not taken this quiz